black ops 2 zombies quiz - Statistics

General Stats
  • This quiz has been taken 1,151 times
  • The average score is 6 of 13
Answer Stats
Hint Answer % Correct
map set in a prison Mob of the dead
93%
first map in bo2 tranzit
87%
how many dlc maps are there 4
82%
the cheapest perk on solo and co-op zobies self revive
82%
how many perks are in bo2 12
81%
the wonder weapon that let you fly paralyzer
53%
the first wonder weapon ray gun
53%
the new perk that came out on this game tombstone
41%
the first dlc map to come out origins
33%
the map thats exclusive to buried vulture aid
25%
the exclusive throwing knife which you have to feed three hounds hells retriver
9%
the three non dlc maps tranzit town farm
8%
what are the four snipers that are in zombies barret dsr 50 svu-as ballista
0%
No matching quizzes found
Score Distribution
Percent of People with Each Score
Percentile by Number Answered
Your Score History
You have not taken this quiz